00537nam a2200145Ia 4500008004100000041000800041082002100049100002600070245002800096260003700124300000900161906000800170999001900178952019400197230314s9999 xx 000 0 und d aeng aA/612/SEM/B03178 aSembulingam K9177607 aViva Voce in Physiology bJaypee BrothersaNew Delhic2003 a338p bBSC c137964d137964 001040708AaBTINbBTINd2005-09-30eB.J.Medical Co-oprative College Storesg135.00i98l2oA 612 SEM B03178pBTIN-BK-3178r2023-12-28 00:00:00s2023-11-22v101.00w2005-09-30yBKzB03178